00593nam a2200181Ia 450000500170000000800460001703700120006304000210007504100130009608400190010910000220012824500580015026000470020830000140025594200190026999900210028895201020030920250508151911.0008 250505s9999 xx 000 0 eng d aTextual aFEDL bengcFEDL aeng2eng a804, HODqFEDL aHodin J P9618052 0aDilemma of being modern: Essaus on art and literature aLondon, UKbRoutledge and Kegan Paulc1956 axii,271p. cTEXLh804, HOD c1332823d1332823 00104070aFEDLbFEDLd2025-05-08l0o804, HODpEL0014089r2025-05-08 15:19:11w2025-05-08yTEXL